000 00698nam a2200241 i 4500
001 bg
100 1 _aZABIEROWSKI, Mirosław
245 1 0 _aWszechświat i wiedza /
_cMirosław Zabierowski.
260 _aWrocław :
_bOficyna Wydawnicza Politechniki Wrocławskiej,
_c1994.
300 _a137, [1] s. ;
_c24 cm.
504 _aBibliogr. s. 124-136.
650 9 _aFilozofia
_xzagadnienia
650 9 _aFizyka
_xzagadnienia
650 9 _aKosmologia
_xzagadnienia
650 9 _aNauka
_xsocjologia
_xzagadnienia
020 _a8370851088
040 _cBPK
041 0 _apol
080 _a524.8:530.1:113/119
920 _a83-7085-108-8
942 _cKS
008 s pl f |000 0 pol
999 _c30775
_d30775
856 _uhttp://koha.tu.koszalin.pl/cgi-bin/koha/opac-detail.pl?biblionumber=30775
_yKatalog online BPK